000 00563nam a2200217Ia 4500
005 20250508164509.0
008 008 250505s9999 xx 000 0 hin d
037 _aTextual
040 _aFEDL
_beng
_cFEDL
041 _ahin
_2eng
084 _a333.7924, NCE
_qFEDL
245 0 _aChamatkar parmanu urja ke
245 0 _cN C E R T
260 _aNew Delhi, India
_bNCERT
_c1988
300 _a128p.
365 _aINR
_b11.6
546 _aMACESE
650 _aNatural resources
942 _cTEXL
_h333.7924, NCE
999 _c1389425
_d1389425